<?xml version="1.0" encoding="UTF-8"?><?xml-stylesheet type="text/xsl" href="static/style.xsl"?><OAI-PMH xmlns="http://www.openarchives.org/OAI/2.0/" xmlns:xsi="http://www.w3.org/2001/XMLSchema-instance" xsi:schemaLocation="http://www.openarchives.org/OAI/2.0/ http://www.openarchives.org/OAI/2.0/OAI-PMH.xsd"><responseDate>2026-04-17T13:12:57Z</responseDate><request verb="GetRecord" identifier="oai:www.recercat.cat:10256/18241" metadataPrefix="marc">https://recercat.cat/oai/request</request><GetRecord><record><header><identifier>oai:recercat.cat:10256/18241</identifier><datestamp>2024-06-14T10:16:49Z</datestamp><setSpec>com_2072_452955</setSpec><setSpec>com_2072_2054</setSpec><setSpec>col_2072_453074</setSpec></header><metadata><record xmlns="http://www.loc.gov/MARC21/slim" xmlns:dcterms="http://purl.org/dc/terms/" xmlns:xsi="http://www.w3.org/2001/XMLSchema-instance" xmlns:doc="http://www.lyncode.com/xoai" xsi:schemaLocation="http://www.loc.gov/MARC21/slim http://www.loc.gov/standards/marcxml/schema/MARC21slim.xsd">
   <leader>00925njm 22002777a 4500</leader>
   <datafield ind2=" " ind1=" " tag="042">
      <subfield code="a">dc</subfield>
   </datafield>
   <datafield ind2=" " ind1=" " tag="720">
      <subfield code="a">Martínez López, Carolina</subfield>
      <subfield code="e">author</subfield>
   </datafield>
   <datafield ind2=" " ind1=" " tag="260">
      <subfield code="c">2019-12-20</subfield>
   </datafield>
   <datafield ind2=" " ind1=" " tag="520">
      <subfield code="a">This article presents a pedagogical and research proposal in Performing&#xd;
Arts university studies based on theoretical analysis, and on physical, intellectual&#xd;
and emotional experience of scenic creative processes. Throughout it, we will see how the difficulty of Performing Arts studies to integrate into the scientific field and&#xd;
into the Academy can be used to build new educational and creative paths, taking&#xd;
into account the specificity of Theater, alive and ephemeral by nature. We will go&#xd;
through the path of Arts-Based Research, A / r / tography (branch of ABR) and&#xd;
previous experiences of Theater-Based Research. We will combine an organic and&#xd;
holistic vision based on the idea of art as an embodied experience, and the approach&#xd;
to research as a work in permanent process. As for the aesthetic, a transversal&#xd;
perception of theatre will prevail within the framework of the so-called “expanded&#xd;
theatricalities” linked to the concept of “performative”. In a second phase, we will&#xd;
link this theory with the description and analysis of practical cases carried out in the&#xd;
Degree of Performing Arts of the University of Girona (EU ERAM), to try to assess&#xd;
the effectiveness of the proposal, in addition to seeking to settle valid parameters&#xd;
for evaluation</subfield>
   </datafield>
   <datafield ind2=" " ind1=" " tag="520">
      <subfield code="a">Este artículo presenta una propuesta pedagógica y de investigación en&#xd;
estudios teatrales universitarios basada en el análisis teórico y en la experiencia&#xd;
física, intelectual y emocional de procesos creativos escénicos. A lo largo del mismo,&#xd;
veremos cómo la dificultad de los estudios teatrales para integrarse en el terreno&#xd;
científico y en la academia puede utilizarse para construir nuevas vías docentes y&#xd;
creativas, atendiendo a la especificidad del teatro, vivo y efímero por naturaleza.&#xd;
Transitaremos para ello el camino de la Investigación Basada en las Artes, la A/r/&#xd;
tografía (rama de la IBA) y las experiencias previas de Investigación Basada en&#xd;
el Teatro. Aunaremos una visión organicista y holística basada en la idea del arte&#xd;
como experiencia encarnada, y la aproximación a la investigación como un trabajo&#xd;
en proceso permanente. En cuanto a lo estético, primará una percepción transversal&#xd;
de lo escénico en el marco de las denominadas “teatralidades expandidas” ligadas&#xd;
al concepto de “performativo”. En una segunda fase, enlazaremos esta teoría con&#xd;
la descripción y el análisis de casos prácticos llevados a cabo en el Grado de Artes&#xd;
Escénicas de la Universitat de Girona (EU ERAM), para intentar valorar la eficacia&#xd;
de la propuesta, además de buscar ir asentando unos parámetros válidos para su&#xd;
evaluación</subfield>
   </datafield>
   <datafield ind1="8" ind2=" " tag="024">
      <subfield code="a">http://hdl.handle.net/10256/18241</subfield>
   </datafield>
   <datafield tag="653" ind2=" " ind1=" ">
      <subfield code="a">Teatre -- Ensenyament universitari</subfield>
   </datafield>
   <datafield tag="653" ind2=" " ind1=" ">
      <subfield code="a">Theater -- Study and teaching (Higher)</subfield>
   </datafield>
   <datafield tag="653" ind2=" " ind1=" ">
      <subfield code="a">Arts de l'espectacle -- Investigació</subfield>
   </datafield>
   <datafield tag="653" ind2=" " ind1=" ">
      <subfield code="a">Performing arts -- Research</subfield>
   </datafield>
   <datafield ind2="0" ind1="0" tag="245">
      <subfield code="a">Una experiencia encarnada de investigación escénica en estudios teatrales universitarios</subfield>
   </datafield>
</record></metadata></record></GetRecord></OAI-PMH>